Southville International School and Colleges
Your cart is empty.
  • Cart
  • Lists
    Public lists Eva Luna New books Lux_list list_1
    Your lists Log in to create your own lists
  • Log in to your account
  • Your cookies
  • Search history
Southville International School and Colleges
  • Advanced search
  • Recent comments
  • Most popular
  • Libraries

Log in to your account

Log in with GOOGLE


If you do not have an external account, but do have a local account, you can still log in:

  1. Home
  2. MARC view: The power of real-time social media marketing :
Normal view MARC view ISBD view

The power of real-time social media marketing : (Record no. 15392)

[ view plain ]
MARC details
000 -LEADER
fixed length control field 02041cam a2200337 a 4500
001 - CONTROL NUMBER
control field 16437155
003 - CONTROL NUMBER IDENTIFIER
control field SISC
005 - DATE AND TIME OF LATEST TRANSACTION
control field 20170201095026.0
008 - FIXED-LENGTH DATA ELEMENTS--GENERAL INFORMATION
fixed length control field 100827s2011 nyuab b 001 0 eng
010 ## - LIBRARY OF CONGRESS CONTROL NUMBER
LC control number 2010036614
020 ## - INTERNATIONAL STANDARD BOOK NUMBER
International Standard Book Number 9780071752633 (alk. paper)
020 ## - INTERNATIONAL STANDARD BOOK NUMBER
International Standard Book Number 0071752633 (alk. paper)
035 ## - SYSTEM CONTROL NUMBER
System control number (OCoLC)ocn659413218
040 ## - CATALOGING SOURCE
Original cataloging agency DLC
Transcribing agency DLC
Modifying agency YDX
-- YDXCP
-- OJ4
-- BWX
-- CDX
-- NLGGC
-- EEK
-- QBX
-- DLC
050 00 - LIBRARY OF CONGRESS CALL NUMBER
Classification number HF 5415.1265
Item number .M325 2011
100 1# - MAIN ENTRY--PERSONAL NAME
Personal name Macy, Beverly.
245 14 - TITLE STATEMENT
Title The power of real-time social media marketing :
Remainder of title how to attract and retain customers and grow the bottom line in the globally connected world /
Statement of responsibility, etc Beverly Macy, Teri Thompson.
260 ## - PUBLICATION, DISTRIBUTION, ETC. (IMPRINT)
Place of publication, distribution, etc New York :
Name of publisher, distributor, etc McGraw-Hill,
Date of publication, distribution, etc 2011.
300 ## - PHYSICAL DESCRIPTION
Extent xxii, 244 pages :
Other physical details illustrations ;
Dimensions 24 cm.
504 ## - BIBLIOGRAPHY, ETC. NOTE
Bibliography, etc Includes bibliographical references and index.
505 0# - FORMATTED CONTENTS NOTE
Formatted contents note Real-time marketing: the now lens -- The way we communicate has changed forever, why now? -- The power of conversation and engagement ; Real-time marketing strategies ; Real-time marketing case stories: lessons in leadership : The American Red Cross: one tweet turns into $33 million for Haitian relief ; USA Today: publishing in real-time ; EMC: real-time in the enterprise ; Orange County Transportation Authority: transforming government ; Wahoo's Fish Tacos: community building through extreme sports ; Mazda USA: social media restart ; The Roxy Theatre: entertainment and business revitalization through customer sharing and social media (or "How social media saved the Sunset Strip!") ; DIRECTV: customer interaction transforms business -- Analytics and measurement -- Viewing the future of real-time social media: the next lens.
650 #0 - SUBJECT ADDED ENTRY--TOPICAL TERM
Topical term or geographic name as entry element Internet marketing.
650 #0 - SUBJECT ADDED ENTRY--TOPICAL TERM
Topical term or geographic name as entry element Social media.
650 #0 - SUBJECT ADDED ENTRY--TOPICAL TERM
Topical term or geographic name as entry element Online social networks.
650 #0 - SUBJECT ADDED ENTRY--TOPICAL TERM
Topical term or geographic name as entry element Marketing.
700 1# - ADDED ENTRY--PERSONAL NAME
Personal name Thompson, Teri.
906 ## - LOCAL DATA ELEMENT F, LDF (RLIN)
a 7
b cbc
c orignew
d 1
e ecip
f 20
g y-gencatlg
942 ## - ADDED ENTRY ELEMENTS (KOHA)
Source of classification or shelving scheme Library of Congress Classification
Koha item type Books
Call number prefix Foreign
Holdings
Withdrawn status Lost status Source of classification or shelving scheme Damaged status Home library Current library Shelving location Date acquired Source of acquisition Total Checkouts Total Renewals Full call number Barcode Date last seen Date checked out Copy number Price effective from Koha item type
    Library of Congress Classification   College Library College Library General Circulation Section 11/18/2011 Donation 2 3 HF 5415.1265 .M325 2011 C14170 11/06/2019 09/18/2019 1 10/18/2013 Books

The power of real-time social media marketing :

APA

Macy B., Thompson T., . (2011). The power of real-time social media marketing. New York: McGraw-Hill.

Chicago

Macy Beverly, Thompson Teri, . 2011. The power of real-time social media marketing. New York: McGraw-Hill.

Harvard

Macy B., Thompson T., . (2011). The power of real-time social media marketing. New York: McGraw-Hill.

MLA

Macy Beverly, Thompson Teri, . The power of real-time social media marketing. New York: McGraw-Hill. 2011.

  • Place hold
  • Print
  • Cite
  • Add to your cart (remove)
  • Save record
    BIBTEX Dublin Core MARCXML MARC (non-Unicode/MARC-8) MARC (Unicode/UTF-8) MARC (Unicode/UTF-8, Standard) MODS (XML) RIS
  • More searches
    Search for this title in:
    Other Libraries (WorldCat) Other Databases (Google Scholar) Online Stores (Bookfinder.com) Open Library (openlibrary.org)

Exporting to Dublin Core...

SOUTHVILLE LIBRARY

Southville International School and Colleges Library

1281 Tropical Ave. Cor. Luxembourg St., BF Homes International, Las Pinas City

Tel. No. 8256374 / 252358 Loc. 117/146

Powered by Koha